000 00910nam a2200253 i 4500
001 9515
003 ES-MaACL
005 20251110063215.0
007 t|
008 931006s1993 sp |||| |dspa d
020 _a84-7232-661-6
080 _a86.0(729.3)(Henríquez Ureña,P.3.01)
100 _aHenríquez Ureña, Pedro,
_d1884-1946
_9176516
245 1 0 _aPedro Henríquez Ureña /
_cedición de Tomás Mallo.
260 _aMadrid :
_bCultura Hispánica,
_c1993.
300 _a112 p. ;
_c24 cm.
490 1 _aAntología del pensamiento político, social y económico de América Latina ;
_v17
500 _aBibliografía: p.[99]-112.
651 4 _aAmérica Latina-
_xHistoria-
_yS.XX.
_9161852
700 1 _aMallo, Tomás
_975818
830 0 0 _aAntología del pensamiento político, social y económico de América Latina
_v17
_9178008
852 _aES-MaACL
_jL-16805
999 _c9515
_d9515